| 000 | 01280cam a22002054a 4500 | ||
|---|---|---|---|
| 005 | 20250605164224.0 | ||
| 008 | 250528s ||||||||||||||||||||||||d | ||
| 035 | _a20808 | ||
| 020 | _a9781936133543 | ||
| 040 |
_aGR-AtMCL _bgre _dGR-AtMCL _eAACR2 |
||
| 245 | 1 | _aInternational Crimes, Local Justice / A Handbook of Rule-of-Law Policymakers, Donors, and Implementers | |
| 260 | _c2011 | ||
| 300 | _a204 | ||
| 520 | _aThis handbook is intended to inform policymakers, donors, and implementers as they help states develop the will and capacity to deliver justice for victims of the worst crimes. Acknowledgements, Acronyms, Executive Summary, Introduction, Outreach, Establishing a Legal Framework, Investigations, Prosecutions, Judges, Defense Counsel, Witness Protection and Support, Victim Participation, Reparations, Court Management, Archival Management, Management of Prisons and Detention Facilities, National Policy Coordination, Support Through Provision of International Personnel, Journalism, Civil Society Advocacy and Court Monitoring, Physical Infrastructure and Equipment, Conclusion, Glossary, Index. | ||
| 710 | 2 |
_aOpen Society Foundations _99797 |
|
| 710 | 2 |
_aOpen Society Justice Initiative _99798 |
|
| 942 | _cBK | ||
| 999 |
_c5890 _d5890 |
||